South Eastern Kenya University

Library Online Public Access Catalogue


George Oppen : (Record no. 13558)

MARC details
000 -LEADER
fixed length control field 00473cam a2200145 a 4500
020 ## - INTERNATIONAL STANDARD BOOK NUMBER
International Standard Book Number 0786425490 (pbk. : alk. paper)
020 ## - INTERNATIONAL STANDARD BOOK NUMBER
International Standard Book Number 9780786425495
050 00 - LIBRARY OF CONGRESS CALL NUMBER
Classification number PS 3529.P5
Item number Z55 2006
100 1# - MAIN ENTRY--PERSONAL NAME
Personal name Barzilai, Lyn Graham,
Dates associated with a name 1950-
245 10 - TITLE STATEMENT
Title George Oppen :
Remainder of title a critical study /
Statement of responsibility, etc. Lyn Graham Barzilai.
260 ## - PUBLICATION, DISTRIBUTION, ETC. (IMPRINT)
Place of publication, distribution, etc. Jefferson, N.C. :
Name of publisher, distributor, etc. McFarland & Co.,
Date of publication, distribution, etc. c2006.
300 ## - PHYSICAL DESCRIPTION
Extent vii, 223 p. :
856 41 - ELECTRONIC LOCATION AND ACCESS
Uniform Resource Identifier <a href="http://www.loc.gov/catdir/toc/ecip0612/2006013602.html">http://www.loc.gov/catdir/toc/ecip0612/2006013602.html</a>
942 ## - ADDED ENTRY ELEMENTS (KOHA)
Source of classification or shelving scheme Library of Congress Classification
Koha item type General circulation
Holdings
Withdrawn status Lost status Source of classification or shelving scheme Damaged status Not for loan Home library Current library Shelving location Date acquired Total Checkouts Full call number Barcode Date last seen Price effective from Koha item type
    Library of Congress Classification     Main Campus Library Main Campus Library General Stacks 11/05/2016   PS 3529.P5 Z55 2006 2016/017485 11/05/2016 11/05/2016 General circulation
Kitui, Kenya.
+254736116989
library@seku.ac.ke